Normal view
MARC view
- Supervisor DR. KHURRUM KAMAL
Entry Personal Name
001 - CONTROL NUMBER
- control field: 70137
003 - CONTROL NUMBER IDENTIFIER
- control field: NUST
005 - DATE AND TIME OF LATEST TRANSACTION
- control field: 20210628204400.0
008 - FIXED-LENGTH DATA ELEMENTS
- fixed length control field: 210628|| aca||aabn | a|a d
040 ## - CATALOGING SOURCE
- Original cataloging agency: NUST
- Transcribing agency: NUST
100 ## - HEADING--PERSONAL NAME
- Personal name: Supervisor DR. KHURRUM KAMAL
670 ## - SOURCE DATA FOUND
- Source citation: Work cat.: (NUST): KASHIF AKRAM 15492, TH-SOF-1273-Optimally Solving Job Shop Scheduling Problem (JSSP) through a Heuristic Based Approach, 2016
